000 01112nam a22002777a 4500
005 20170717145646.0
010 _a1516EN07 ENG-114567
020 _a9789332535237
_c629.00
020 _a9789332535237
_c679.00 (AV)
035 _aEN-98099
035 _aB-667960
037 _aDPL
_bTechniz/Ven
037 _bDBAD/PUB
082 _a512.7
100 _aSilverman, Joseph H.
245 _aA friendly introduction to number theory /
_cby Joseph H. Silverman
250 _a4th ed
260 _aNew Delhi
_bPearson Education
_c2015
270 _a11 Community Center, Panchsheel Park
_bNew Delhi
_e110017
300 _a460p. :
_c24cm(pbk)
_bill.
500 _aIncludes index
650 _aNumber theory
_vTextbooks
942 _2ddc
_cEN
_mSIL
_h512.7
999 _c95948
_d95948